000 00445nam a22001097a 4500
008 230606b xxu||||| |||| 00| 0 eng d
082 _a342.6762
_bCKR
245 _aThe Kenya Judiciary In The New Constitution
_bReport Of The Advisory Panel Of Eminent Common wealth Judicial Experts, Nairobi Kenya May 2002
_cConstitution Of Kenya Review Commission
260 _aKenya
_bConstitution Of Kenya Review Commission
_c2002
300 _a83 p
942 _2ddc
_cBK
999 _c665
_d665